Encyclopaedia of Indian medicine / (Record no. 136980)

MARC details
000 -LEADER
fixed length control field 00895nam a2200205 4500
010 ## - LIBRARY OF CONGRESS CONTROL NUMBER
LC control number A-349872
035 ## - SYSTEM CONTROL NUMBER
System control number A-349872
037 ## - SOURCE OF ACQUISITION
Source of stock number/acquisition Cen Lib / Ret
040 ## - CATALOGING SOURCE
Original cataloging agency DPL
Language of cataloging En
082 ## - DEWEY DECIMAL CLASSIFICATION NUMBER
Classification number 610.3
Item number RAM
100 ## - MAIN ENTRY--PERSONAL NAME
Personal name S.K. Ramachandra Rao
245 ## - TITLE STATEMENT
Title Encyclopaedia of Indian medicine /
Statement of responsibility, etc by S. K. Ramachandra Rao
260 ## - PUBLICATION, DISTRIBUTION, ETC. (IMPRINT)
Place of publication, distribution, etc Bombay
Name of publisher, distributor, etc Popular Prakashan on behalf of Dr. V. Parameshvara Charitable Trust, Bangalore
Date of publication, distribution, etc 1985
270 ## - ADDRESS
Address 35C Pandit Madan Mohan Malviya Marg
City Bombay
300 ## - PHYSICAL DESCRIPTION
Extent (v 1. 483)
Other physical details 24cm(Hb)
505 ## - FORMATTED CONTENTS NOTE
Formatted contents note v. 1. Historical perspective ; v. 2. Basic concepts ; v. 3. Clinical examination and diagnostic methods ; v. 4. Materia medica herbal drugs ; v. 5. Materia medica mineral and metallic drugs ; v. 6. Diseases and their cures.
650 ## - SUBJECT ADDED ENTRY--TOPICAL TERM
Topical term or geographic name as entry element Medicine, Ayurvedic -- Dictionaries.
650 ## - SUBJECT ADDED ENTRY--TOPICAL TERM
Topical term or geographic name as entry element Medicine, Ayurvedic.
942 ## - ADDED ENTRY ELEMENTS (KOHA)
Source of classification or shelving scheme Dewey Decimal Classification
Koha item type English Books
Classification part 610.3
Call number suffix RAM
Holdings
Withdrawn status Lost status Materials specified (bound volume or other part) Damaged status Not for loan Home library Current library Date acquired Source of acquisition Total Checkouts Full call number Barcode Date last seen Copy number Price effective from Koha item type
    v 1     Central Library Central Library 12/03/2016 Cen Lib/Ret   610.3 RAM A-349872 12/03/2016 1 12/03/2016 English Books

© Delhi Public Library
Hit Counter
free hit counter